[Event "AUTO-OPEN-840"]
[Site "http://www.queenalice.com/game.php?id=276165"]
[Date "2007.9.23"]
[Round "1"]
[White "dsabadell"]
[Black "Camaraujo"]
[Result "1-0"]
[WhiteElo "2036"]
[BlackElo "2013"]

1. e4 Nf6 2. e5 Nd5 3. d4 e6 4. Nf3 d6 5. c4 Nb6 6. exd6 Qxd6 7. c5 Qc6 8. cxb6
Qxb6 9. Bd3 Nc6 10. O-O Be7 11. Nc3 O-O 12. Na4 Qa5 13. Bd2 Qh5 14. Ne5 Qxd1 15.
Raxd1 Nxd4 16. Bc3 c5 17. Bc4 Rd8 18. Rfe1 Rb8 19. b3 b5 20. Bxd4 cxd4 21. Nc6
Bf6 22. Nxb8 bxc4 23. bxc4 Bb7 24. Nc5 Rxb8 25. Nd7 Rd8 26. Nxf6+ gxf6 27. f3 e5
28. Kf2 Kg7 29. Rb1 Bc6 30. Rb3 d3 31. Rd1 e4 32. fxe4 Bxe4 33. g3 Bg6 34. Rb7
a6 35. Rc7 d2 36. Ke3 Rd3+ 37. Ke2 Ra3 38. Rxd2 Bb1 39. c5 Bxa2 40. c6 Be6 41.
Ra7 Rc3 42. Rd6 Rc2+ 43. Ke3 Bh3 44. Rdd7 Be6 45. Rxa6 Rxh2 46. Re7 Rc2 47. c7
Kg6 48. Ra8 Kg7 49. Rxe6 fxe6 50. c8=Q Rxc8 51. Rxc8 Kg6 52. Ke4 e5 53. g4 h6
54. Ra8 Kf7 55. Kf5 Kg7 56. Ra6 e4 57. Kxe4 Kg6 58. Kf4 Kf7 59. Kf5 Kg7 60. Ra7+
Kh8 61. Kg6 Kg8 62. Ra8# 1-0

[Event "AUTO-OPEN-840"]
[Site "http://www.queenalice.com/game.php?id=276194"]
[Date "2007.9.23"]
[Round "1"]
[White "dsabadell"]
[Black "chapichapo"]
[Result "1-0"]
[WhiteElo "1928"]
[BlackElo "1756"]

1. e4 e5 2. Nf3 Nf6 3. d4 exd4 4. e5 Qe7 5. Be2 Nd5 6. Qxd4 Qb4+ 7. c3 Qxd4 8.
cxd4 Bb4+ 9. Bd2 Bxd2+ 10. Nbxd2 O-O 11. O-O Nc6 12. Ne4 Nf4 13. Bb5 a6 14. Bxc6
dxc6 15. g3 Ne2+ 16. Kg2 Bg4 17. Rad1 Rad8 18. Rd2 Bxf3+ 19. Kxf3 Nxd4+ 20. Kg2
Rfe8 21. Rfd1 Ne6 22. Rxd8 Nxd8 23. f4 f5 24. exf6 Rxe4 25. Rxd8+ Kf7 26. fxg7
Kxg7 27. Kf3 Re7 28. g4 Kf6 29. h4 c5 30. g5+ Kg6 31. Kg4 h5+ 32. Kf3 c4 33. Rd5
b5 34. f5+ Kf7 35. a3 Ke8 36. g6 Rg7 37. Kf4 c6 38. Rd6 a5 39. Kg5 c5 40. f6 1-0

[Event "AUTO-OPEN-840"]
[Site "http://www.queenalice.com/game.php?id=276195"]
[Date "2007.9.23"]
[Round "1"]
[White "chapichapo"]
[Black "dsabadell"]
[Result "0-1"]
[WhiteElo "1751"]
[BlackElo "1872"]

1. e4 d6 2. Nf3 g6 3. Nc3 Bg7 4. d4 Nf6 5. Bc4 O-O 6. e5 dxe5 7. dxe5 Qxd1+ 8.
Nxd1 Ng4 9. Bf4 Nc6 10. O-O Ncxe5 11. Nxe5 Nxe5 12. Bb3 c5 13. Bxe5 Bxe5 14. c3
b5 15. Ne3 c4 16. Bc2 Bb7 17. Rae1 Bc7 18. Ng4 e6 19. Rd1 Rfd8 20. Nh6+ Kg7 21.
Ng4 f5 22. Rxd8 Rxd8 23. Ne3 f4 24. Nd1 Rd2 25. Bb1 e5 26. f3 Bb6+ 27. Kh1 h5
28. b4 g5 29. h3 g4 30. hxg4 hxg4 31. Be4 Bxe4 32. fxe4 g3 33. Re1 Rd6 0-1

[Event "AUTO-OPEN-840"]
[Site "http://www.queenalice.com/game.php?id=276196"]
[Date "2007.9.23"]
[Round "1"]
[White "dsabadell"]
[Black "jhonystrike"]
[Result "1-0"]
[WhiteElo "2021"]
[BlackElo "1969"]

1. e4 Nf6 2. e5 Nd5 3. d4 d6 4. Bc4 dxe5 5. dxe5 c6 6. Nc3 Be6 7. Nf3 g6 8. Ng5
Qc8 9. Nxd5 Bxd5 10. Bxd5 cxd5 11. Qxd5 e6 12. Qf3 Qc7 13. Qf6 Rg8 14. Nxe6 fxe6
15. Qxe6+ Qe7 16. Qxg8 Nc6 17. O-O O-O-O 18. Be3 Kb8 19. Rad1 Re8 20. Rfe1 Bg7
21. Qxh7 Qf7 22. e6 Qf6 23. Rd7 1-0

[Event "AUTO-OPEN-840"]
[Site "http://www.queenalice.com/game.php?id=276197"]
[Date "2007.9.23"]
[Round "1"]
[White "jhonystrike"]
[Black "dsabadell"]
[Result "1-0"]
[WhiteElo "1947"]
[BlackElo "2037"]

1. d4 Nf6 2. c4 g6 3. Nc3 Bg7 4. e4 d6 5. f4 O-O 6. Be2 e5 7. fxe5 dxe5 8. d5
Nbd7 9. Nf3 Nc5 10. Bg5 Qd6 11. Qc2 a5 12. O-O Na6 13. Qd2 Nc5 14. Qe3 Ng4 15.
Qc1 h6 16. Bh4 Qb6 17. Kh1 f5 18. Nd2 Ne3 19. Re1 a4 20. Bf2 Ng4 21. Bg1 Nf6 22.
h3 Qb4 23. Qc2 Ncxe4 24. Ncxe4 Nxe4 25. Nxe4 fxe4 26. Be3 Bd7 27. Rab1 Qe7 28.
Rbd1 1-0

[Event "Challenge"]
[Site "http://www.queenalice.com/game.php?id=276803"]
[Date "2007.9.25"]
[Round "-"]
[White "zemaria"]
[Black "dsabadell"]
[Result "0-1"]
[WhiteElo "1629"]
[BlackElo "1819"]

1. d4 Nf6 2. Bf4 d6 3. e3 g6 4. h3 Bg7 5. Bc4 O-O 6. c3 c6 7. Ne2 d5 8. Bb3 a5
9. c4 Be6 10. c5 Bc8 11. Bc2 Nfd7 12. Bd3 e5 13. Bh2 Na6 14. a3 Nc7 15. O-O Ne6
16. Bc2 exd4 17. exd4 b6 18. Bd6 Re8 19. f4 bxc5 20. dxc5 Nexc5 21. Nbc3 Nb7 22.
Be5 Nxe5 23. fxe5 Bxe5 24. Nd4 Qb6 25. Rb1 Bxd4+ 26. Kh1 Nd6 27. Ba4 Ba6 28. Rf4
Bg7 29. Rf2 Qxf2 0-1

[Event "Challenge"]
[Site "http://www.queenalice.com/game.php?id=284245"]
[Date "2007.10.10"]
[Round "-"]
[White "dsabadell"]
[Black "technicaldraw"]
[Result "1-0"]
[WhiteElo "1966"]
[BlackElo "1893"]

1. e4 e6 2. d4 d5 3. e5 c5 4. c3 Nc6 5. Nf3 Bd7 6. Be2 Nge7 7. Na3 Ng6 8. h4
cxd4 9. cxd4 Bb4+ 10. Kf1 h6 11. Nc2 Be7 12. Bd3 Nxh4 13. Nxh4 Bxh4 14. Qg4 1-0

[Event "Challenge"]
[Site "http://www.queenalice.com/game.php?id=285909"]
[Date "2007.10.13"]
[Round "-"]
[White "technicaldraw"]
[Black "dsabadell"]
[Result "0-1"]
[WhiteElo "1960"]
[BlackElo "2017"]

1. e4 c5 2. Nf3 Nf6 3. e5 Nd5 4. Nc3 Nxc3 5. dxc3 Nc6 6. Bc4 e6 7. Bf4 Qc7 8.
O-O Be7 9. Qe2 d5 10. exd6 Bxd6 11. Bxd6 Qxd6 12. Rad1 Qc7 13. Rfe1 O-O 14. Ng5
h6 15. Nf3 Na5 16. Bd3 c4 17. Be4 f5 0-1

[Event "josh_hh"]
[Site "http://www.queenalice.com/game.php?id=289392"]
[Date "2007.10.19"]
[Round "1"]
[White "mrparkerpawn"]
[Black "dsabadell"]
[Result "0-1"]
[WhiteElo "1680"]
[BlackElo "2090"]

1. d4 Nf6 2. e3 g6 3. Bd3 Bg7 4. f4 O-O 5. Nf3 d6 6. O-O Nbd7 7. Nbd2 Nb6 8. b3
Nbd5 9. Ng5 Nxe3 10. Qf3 Nxf1 11. Nxf1 Nd7 12. f5 Nc5 13. fxg6 fxg6 14. Qd5+ e6
15. Nxe6 Bxe6 16. Qg5 Qxg5 17. Bxg5 Bxd4+ 18. Kh1 Bxa1 0-1

[Event "Challenge"]
[Site "http://www.queenalice.com/game.php?id=290153"]
[Date "2007.10.20"]
[Round "-"]
[White "jojo2017"]
[Black "dsabadell"]
[Result "0-1"]
[WhiteElo "1936"]
[BlackElo "2090"]

1. e4 d6 2. d4 Nf6 3. Nc3 g6 4. e5 dxe5 5. dxe5 Qxd1+ 6. Nxd1 Ng4 7. Bf4 Bg7 8.
Nf3 O-O 9. Ne3 Rd8 10. Bd3 Nc6 11. Nxg4 Bxg4 12. e6 Bxe6 13. Bxc7 Rd7 14. Bf4
Bxb2 15. Rb1 Bc3+ 16. Ke2 Bxa2 17. Rb5 a5 18. h4 e5 19. Be3 e4 20. Bxe4 Bc4+ 21.
Bd3 Rxd3 22. Rc5 Rd2+ 23. Ke1 Rd5+ 0-1

[Event "Challenge"]
[Site "http://www.queenalice.com/game.php?id=290168"]
[Date "2007.10.20"]
[Round "-"]
[White "dsabadell"]
[Black "jojo2017"]
[Result "1-0"]
[WhiteElo "2070"]
[BlackElo "1909"]

1. e4 e5 2. Nf3 Nc6 3. Bb5 Nd4 4. Nxd4 exd4 5. O-O Bd6 6. d3 Nf6 7. e5 Bxe5 8.
Re1 Qe7 9. f4 c6 10. Rxe5 Qxe5 11. fxe5 Nd5 12. Qg4 1-0

[Event "Challenge"]
[Site "http://www.queenalice.com/game.php?id=303539"]
[Date "2007.11.14"]
[Round "-"]
[White "dsabadell"]
[Black "KLEOJ"]
[Result "1-0"]
[WhiteElo "2107"]
[BlackElo "1982"]

1. e4 Nc6 2. d4 e5 3. Ne2 Nf6 4. Nbc3 Bb4 5. a3 Ba5 6. b4 exd4 7. Nxd4 Bb6 8.
Nxc6 bxc6 9. Bc4 O-O 10. O-O d6 11. Bg5 h6 12. Bh4 Qe7 13. Re1 Qe5 14. Qd3 Ng4
15. Bg3 Bxf2+ 16. Bxf2 Qxh2+ 17. Kf1 Ne5 18. Qd4 Qh1+ 19. Bg1 Nf3 20. Qf2 Nxe1
21. Rxe1 Be6 22. Bb3 a5 23. bxa5 Rxa5 24. a4 Re5 25. Re3 Qh5 26. Qf3 Qg6 27. Qe2
Bxb3 28. cxb3 f5 29. Bf2 fxe4 30. Rxe4 Rxe4 31. Qxe4 Qf6 32. Qc2 d5 33. Kg1 d4
34. Nd1 Rd8 35. Nb2 Rd5 36. Nd3 Qd6 37. Qc4 Kh8 38. b4 Rh5 39. Qf7 Rg5 40. a5
Kh7 41. a6 Rg6 42. a7 Qd8 43. Qf5 c5 44. Nf4 c4 45. Qxg6+ 1-0

[Event "Challenge"]
[Site "http://www.queenalice.com/game.php?id=306498"]
[Date "2007.11.19"]
[Round "-"]
[White "cardi"]
[Black "dsabadell"]
[Result "0-1"]
[WhiteElo "2018"]
[BlackElo "2015"]

1. d4 Nf6 2. c4 g6 3. Nf3 Bg7 4. Nc3 O-O 5. e4 d6 6. Bg5 h6 7. Bxf6 Bxf6 8. e5
Bg7 9. Bd3 dxe5 10. dxe5 Nc6 11. Qe2 Bg4 12. e6 Qd6 13. exf7+ Rxf7 14. Be4 Nd4
15. Qe3 Bxf3 16. gxf3 Rxf3 17. Qd2 Raf8 18. Rf1 Qxh2 19. Nb5 Rxf2 20. Rh1 Rf1+
21. Rxf1 Rxf1+ 22. Kxf1 Qxd2 23. Bxg6 Qe2+ 0-1

[Event "josh_hh"]
[Site "http://www.queenalice.com/game.php?id=315331"]
[Date "2007.12.5"]
[Round "2"]
[White "dsabadell"]
[Black "rycaom"]
[Result "1-0"]
[WhiteElo "2108"]
[BlackElo "1174"]

1. e4 e5 2. Nf3 Qf6 3. Bc4 Nc6 4. Nc3 Bc5 5. d3 Na5 6. O-O a6 7. Nd5 Qd6 8. Nxe5
Qxe5 9. Bf4 Qxb2 10. Nxc7+ Kd8 11. Qh5 g6 12. Qxc5 f6 13. Qf8# 1-0

[Event "llenge"]
[Site "http://www.queenalice.com/game.php?id=320041"]
[Date "2007.12.14"]
[Round "-"]
[White "HILITO"]
[Black "dsabadell"]
[Result "1-0"]
[WhiteElo "2024"]
[BlackElo "2125"]

1. e4 e6 2. d4 d5 3. exd5 Qxd5 4. Nf3 Nf6 5. c4 Bb4+ 6. Nc3 Bxc3+ 7. bxc3 Qa5 8.
Bd2 Ne4 9. Qc2 Nxd2 10. Qxd2 Bd7 11. Bd3 Bc6 12. Be2 Nd7 13. O-O O-O 14. Ng5 h6
15. Nh3 Nf6 16. f3 Rab8 17. Bd3 1-0

[Event "Challenge"]
[Site "http://www.queenalice.com/game.php?id=321736"]
[Date "2007.12.17"]
[Round "-"]
[White "GrazianiBR"]
[Black "dsabadell"]
[Result "1-0"]
[WhiteElo "1949"]
[BlackElo "2095"]

1. c4 Nf6 2. Nc3 e6 3. f4 Bb4 4. Qb3 Qe7 5. Nb5 Na6 6. a3 Ba5 7. Qg3 O-O 8. b4
c6 9. bxa5 cxb5 10. cxb5 Nc5 11. Bb2 d6 12. Bd4 Nce4 13. Qe3 e5 14. fxe5 1-0

[Event "Challenge"]
[Site "http://www.queenalice.com/game.php?id=322747"]
[Date "2007.12.19"]
[Round "-"]
[White "GrazianiBR"]
[Black "dsabadell"]
[Result "1-0"]
[WhiteElo "1971"]
[BlackElo "2066"]

1. Nf3 Nf6 2. d4 d5 3. e3 Bf5 4. Nh4 Be6 5. Bb5+ c6 6. Ba4 g5 7. Nf3 g4 8. Ne5
Nbd7 9. Nd3 Qc7 10. c3 O-O-O 11. b4 Bf5 12. Nf4 e5 13. Ne2 h5 14. Ng3 1-0